| 000 | 01165naa a22003377a 4500 | ||
|---|---|---|---|
| 001 | BR8005860 | ||
| 003 | BR-BrBNA | ||
| 005 | 20240918174654.0 | ||
| 007 | ta | ||
| 008 | 230509b bl.||||| |||| 00| 0 por d | ||
| 040 |
_aBR-BrBNA _bpor _cBiblioteca Nacional de Agricultura |
||
| 041 | _a(Pt) | ||
| 072 |
_aP10 _b/G514 |
||
| 090 | _aP10 BR8005860 | ||
| 100 | 1 | _aReboucas, A. da C. | |
| 100 | 1 | _aSinelli, O. | |
| 111 | 1 |
_a1. Congresso Brasileiro de Aguas Subterraneas _cRecife, PE (Brazil) _d9-14 Nov 1980 |
|
| 245 | 1 | _aCusto de exploracao de agua subterranea Ribeirao Preto - Sao Paulo [Brasil] | |
| 260 | 3 |
_aRecife, PE (Brasil): _c1980. |
|
| 500 | _aAnais do 1. Congresso Brasileiro de Aguas Subterraneas Recife, PE (Brasil): 1980. p. 311-317 (BR8005860-AM)P10 | ||
| 650 | _aAGUAS SUBTERRANEAS | ||
| 650 | _aPOCO | ||
| 650 | _aCAPTACAO D'AGUA | ||
| 650 | _aABASTECIMENTO DE AGUA | ||
| 650 | _aCUSTO | ||
| 650 | _aRIBEIRAO PRETO | ||
| 650 | _aSAO PAULO | ||
| 773 | 0 |
_tAnais do 1. Congresso Brasileiro de Aguas Subterraneas _wP10 BR8005860 _gRecife, PE (Brasil), 1980. p. 311-317 |
|
| 909 |
_a202404 _bLucia _c55 _dLucia Elande |
||
| 942 |
_cAM _2AGRIS |
||
| 999 |
_c312757 _d312757 |
||